<?xml version="1.0" encoding="UTF-8"?>
<record
    xmlns:xsi="http://www.w3.org/2001/XMLSchema-instance"
    xsi:schemaLocation="http://www.loc.gov/MARC21/slim http://www.loc.gov/standards/marcxml/schema/MARC21slim.xsd"
    xmlns="http://www.loc.gov/MARC21/slim">

  <leader>00269nam a22001217a 4500</leader>
  <datafield tag="040" ind1=" " ind2=" ">
    <subfield code="c">HS</subfield>
  </datafield>
  <datafield tag="082" ind1=" " ind2=" ">
    <subfield code="a">95</subfield>
  </datafield>
  <datafield tag="100" ind1=" " ind2=" ">
    <subfield code="a">NA</subfield>
  </datafield>
  <datafield tag="245" ind1=" " ind2=" ">
    <subfield code="a">The Philippines recommends for livestock feed formulation.</subfield>
  </datafield>
  <datafield tag="260" ind1=" " ind2=" ">
    <subfield code="a">los banos laguna</subfield>
    <subfield code="b">NA</subfield>
    <subfield code="c">1987</subfield>
  </datafield>
  <datafield tag="300" ind1=" " ind2=" ">
    <subfield code="a">128p.</subfield>
  </datafield>
  <datafield tag="942" ind1=" " ind2=" ">
    <subfield code="c">EK</subfield>
  </datafield>
  <datafield tag="999" ind1=" " ind2=" ">
    <subfield code="c">8743</subfield>
    <subfield code="d">8743</subfield>
  </datafield>
  <datafield tag="952" ind1=" " ind2=" ">
    <subfield code="0">0</subfield>
    <subfield code="1">0</subfield>
    <subfield code="4">0</subfield>
    <subfield code="6">95_000000000000000_NA_1987_C305</subfield>
    <subfield code="7">0</subfield>
    <subfield code="9">49474</subfield>
    <subfield code="a">LBC</subfield>
    <subfield code="b">LBC</subfield>
    <subfield code="c">C305</subfield>
    <subfield code="d">2016-08-11</subfield>
    <subfield code="o">95 NA 1987 C305</subfield>
    <subfield code="p">RUA046332</subfield>
    <subfield code="r">2016-08-11</subfield>
    <subfield code="y">EK</subfield>
  </datafield>
  <datafield tag="952" ind1=" " ind2=" ">
    <subfield code="0">0</subfield>
    <subfield code="1">0</subfield>
    <subfield code="4">0</subfield>
    <subfield code="6">950_000000000000000_NA_NA_C329</subfield>
    <subfield code="7">0</subfield>
    <subfield code="9">52988</subfield>
    <subfield code="a">LBC</subfield>
    <subfield code="b">LBC</subfield>
    <subfield code="c">C329</subfield>
    <subfield code="d">2016-10-11</subfield>
    <subfield code="o">950 NA NA C329</subfield>
    <subfield code="p">RUA045113</subfield>
    <subfield code="r">2016-10-11</subfield>
    <subfield code="w">2016-10-11</subfield>
    <subfield code="y">EK</subfield>
  </datafield>
</record>
